00668nam a22001697a 4500003000500000038001800005082000800023100002500031245014400056264003300200650004900233700004100282856005700323942001200380999001900392952008700411NUST aNusrat Nadeem a200 aKhan, Samita9130543 aThe effect of employee enviropreneurial orientation on sustainable manufacturing: The role of internal and external drivers/cSamita Khan,  aIslamabad:bNBS NUST.c2025. aMS- Innovation and Entrepreneurship 9114384 aSupervisor: Dr. Adnan Waseem9120108 uhttp://10.250.8.41:8080/xmlui/handle/123456789/54483 2ddccSC c614737d614737 00104070aCLbCLcTHEd2025-09-22l0o200pCL-T-7577r2025-09-22w2025-09-22ySC